| 000 | 00485nam a2200193Ia 4500 | ||
|---|---|---|---|
| 005 | 20240514112333.0 | ||
| 008 | 131103s9999 xx 000 0 und d | ||
| 020 | _cRs.20 | ||
| 040 | _aLoreto College | ||
| 041 | _aEnglish | ||
| 082 |
_a428 _bNCE |
||
| 245 |
_aEnglish reader book 5 _b for class viii (special series) |
||
| 260 |
_aNew Delhi _bN.C.E.R.T. _c1971 |
||
| 300 | _a165p. | ||
| 650 | _aEnglish reading | ||
| 651 | _aEnglish language | ||
| 850 | _aLCBED | ||
| 942 | _cBK | ||
| 999 |
_c29816 _d80295 |
||